| 000 | 00480nam a2200181 4500 | ||
|---|---|---|---|
| 001 | 25115 | ||
| 005 | 20230410115758.0 | ||
| 008 | 060907n1984 dr spa | ||
| 020 | _a0826402380 | ||
| 035 | _9funglode25306 | ||
| 041 | _aEN | ||
| 050 | 1 | 4 | _aHM 17 I61 1984 |
| 245 | 0 | 4 |
_aThe International encyclopedia of sociology / _cedited by Michael Mann |
| 260 |
_aNew York : _bContinuum, _c1984 |
||
| 300 | _axi, 434 p. | ||
| 700 | _aMann, Michael | ||
| 942 |
_2lcc _cbk |
||
| 999 |
_c47813 _d47813 |
||